| 000 | 00797cam a2200241 a 4500 | ||
|---|---|---|---|
| 001 | 1055280 | ||
| 005 | 20180223083541.0 | ||
| 008 | 900716s1991 nyu b 001 0 eng c | ||
| 010 | _a 90055665 | ||
| 020 | _a0465010555 | ||
| 040 |
_aDNLM/DLC _cDLC _dDLC |
||
| 041 | _aeng | ||
| 060 | _aWS 350z6 K39c | ||
| 080 | _a618.928914 pau | ||
| 082 | 0 | 0 |
_a618.928914 pau _220 |
| 100 | 1 | _a49 | |
| 101 | _apsi | ||
| 245 | 1 | 0 |
_aChildren with conduct disorders : _cPaulina F. Kernberg and Saralea E. Chazan ; with the collaboration of Alice Kross Frankel ... [et al.]. |
| 504 | _aIncludes bibliographical references (p. 287-297) and index. | ||
| 906 |
_a7 _bcbc _corignew _d1 _eocip _f19 _gy-gencatlg |
||
| 942 |
_2ddc _cBK |
||
| 999 |
_c43320 _d43320 |
||